| 000 | 00855cam a2200277 a 4500 | ||
|---|---|---|---|
| 001 | 3806822 | ||
| 003 | OSt | ||
| 005 | 20250901165758.0 | ||
| 008 | 850726s1985 nyu 001 0beng | ||
| 010 | _a 85040270 | ||
| 020 |
_a0812912349 : _c$16.95 ($21.95 Can.) |
||
| 040 |
_aDLC _cDLC _dDLC |
||
| 050 | 0 | 0 |
_aRC 78 .7.N83 D365 1985 _bD365 1985 |
| 082 | 0 | 0 |
_a616.07/5 _219 |
| 100 | 1 | _aKleinfield, Sonny. | |
| 245 | 1 | 2 |
_aA machine called indomitable / _cby Sonny Kleinfield. |
| 250 | _a1st ed. | ||
| 260 |
_aNew York : _bTimes Books, _cc1985. |
||
| 300 |
_a250 p. ; _c22 cm. |
||
| 500 | _aIncludes index. | ||
| 600 | 1 | 0 |
_aDamadian, R. _q(Raymond), _d1936- |
| 650 | 0 |
_aMedicine _xResearch personnel _zUnited States _vBiography. |
|
| 650 | 0 |
_aCancer _xMagnetic resonance imaging. |
|
| 906 |
_a7 _bcbc _corignew _d1 _eocip _f19 _gy-gencatlg |
||
| 942 |
_2lcc _cBK |
||
| 999 |
_c9162 _d9162 |
||